| 000 | 00557nam a22001577a 4500 | ||
|---|---|---|---|
| 003 | macl | ||
| 005 | 20191012133717.0 | ||
| 008 | 191012b xxu||||| |||| 00| 0 eng d | ||
| 040 | _cmacl | ||
| 082 | _a610 | ||
| 100 |
_aडॉ ओउम प्रकाश प्रार्थी _976946 |
||
| 245 | _aहोम्योपैथी स्वास्थ्य का वरदान | ||
| 260 |
_aक्रियेटीव बुक्स _bगाजियाबाद _c2018 |
||
| 650 |
_aमेडिकल _976947 |
||
| 942 |
_2ddc _cHIN |
||
| 999 |
_c61198 _d61198 |
||